Německo-český slovník. A-L /
Salvato in:
| Autore principale: | |
|---|---|
| Natura: | Libro |
| Lingua: | multilingua |
| Pubblicazione: |
Praha :
Státní pedagogické nakladatelství,
1973
|
| Edizione: | 3.vyd. |
| Soggetti: | |
| Tags: |
Nessun Tag, puoi essere il primo ad aggiungerne!!
|
MARC
| LEADER | 00000nam a22000003a 4500 | ||
|---|---|---|---|
| 001 | stu39770 | ||
| 005 | 20150617225725.4 | ||
| 008 | 930308s1973----cs------------------mul-d | ||
| 040 | |a STU |b slo | ||
| 041 | 0 | |a mul | |
| 044 | |a cs | ||
| 080 | |a 801.323.2=30=850 | ||
| 100 | 1 | |a Siebenschein, Hugo |4 xxx | |
| 245 | 1 | |a Německo-český slovník. A-L / |c Hugo Siebenschein a kol | |
| 250 | |a 3.vyd. | ||
| 260 | |a Praha : |b Státní pedagogické nakladatelství, |c 1973 | ||
| 300 | |a 754 s | ||
| 650 | 7 | |a slovníky nemecko české |2 stusub | |
| 996 | |b 284M022766 |c M*6909/1-1 |l MMKN |s A |a 24 |w stu39770_0001 | ||
| 996 | |b 284M022768 |c M*6909/1-2 |l MMKN |s A |a 24 |w stu39770_0002 | ||